000 00527nam a2200181Ia 4500
003 GCL
008 140319s9999 xx 000 0 ara d
040 _aGCL /
_cGCL
082 0 4 _a530
_bا ح
100 1 _aاحمد شوقى عمار
245 1 0 _aالحرارة /
_cاحمد شوقى عمار
260 _aبيروت :
_bدار الراتب الجامعية
300 _a125 ص
490 _aسلسلة الفيزياء الهندسية
_v0
650 0 4 _aالحرارة
650 0 4 _aالفيزياء
942 _2ddc
_cBK
999 _c43387
_d43387